Harry Potter: le Carrosse de Beauxbatons - Statistiques

Statistiques générales
  • Ce quiz a été pris 45 fois
  • Le résultat moyen est 6 sur 7
Statistiques - réponses
Information Réponses % Correct
Première apparition Harry Potter et la Coupe de Feu
97%
Propriétaire Beauxbatons
92%
Résidente temporaire connue Olympe Maxime
89%
Dernière apparition Harry Potter et le Prince de Sang-Mêlé
86%
Couleur Bleu
81%
Résidente temporaire connue Fleur Delacour
81%
"Tracteurs" Palominos ailés
78%
Aucun quiz correspondant
Distribution des résultats
% des personnes avec chaque résultat
Percentile par nombre de réponses
Votre historique - résultats
Vous n’avez pas pris ce quiz